Statistics for Golf - Americans players in the Presidents' Cup - 2010s

Click here to take the quiz!

General Stats

  • This quiz has been taken 12 times
  • The average score is 18 of 33

Answer Stats

HintAnswer% Correct
2011, 2015, 2017,
2019
Dustin Johnson
100%
2013, 2015, 2017Jordan Spieth
100%
2017, 2019Justin Thomas
100%
2011, 2013, 2019Tiger Woods
100%
2013, 2015Zach Johnson
100%
2017Brooks Koepka
83%
2015, 2017, 2019Patrick Reed
83%
2011, 2013, 2015,
2017
Phil Mickelson
83%
2011, 2013Steve Stricker
83%
2019Bryson Dechambeau
67%
2011, 2013Hunter Mahan
67%
2013Jason Dufner
67%
2011Jim Furyk
67%
2017Kevin Kisner
67%
2015, 2017, 2019Rickie Fowler
67%
2011, 2015Bubba Watson
50%
2011David Toms
50%
2019Gary Woodland
50%
2011, 2013, 2015,
2017, 2019
Matt Kuchar
50%
2011, 2013, 2019Webb Simpson
50%
2011, 2013, 2015Bill Haas
33%
2013Brandt Snedeker
33%
2017Daniel Berger
33%
2015Jimmy Walker
33%
2013Keegan Bradley
33%
2019Patrick Cantlay
33%
2019Tony Finau
33%
2019Xander Schauffele
33%
2015J.B. Holmes
17%
2011Nick Watney
17%
2017Charley Hoffman
0%
2015Chris Kirk
0%
2017Kevin Chappell
0%

Score Distribution

Percentile by Number Answered

Percent of People with Each Score

Your Score History

You have not taken this quiz